| 000 | 00880cab a2200253 4500 | ||
|---|---|---|---|
| 001 | E86875 | ||
| 008 | 090401t1997 xxu||||| |||| 00| 0 eng d | ||
| 035 | _a(Sirsi) u81272 | ||
| 041 | _aeng | ||
| 245 | _aCrofters Commission v Arran Ltd | ||
| 260 | _c1997 | ||
| 350 | _a0 | ||
| 490 |
_aScots Law Times _v1997 SLT(Land Ct) 22-28(7) |
||
| 520 | _aScottish Land Court. 7 February 1997. Landlord and tenant - croft - common grazings - grazings shared by one crofter and two owner occupiers of non-croft subjects - whether common grazings - Crofters (Scotland) Act 1993 (c44), s47. | ||
| 650 | _aCOMMON GRAZINGS | ||
| 650 | _aCROFTERS (SCOTLAND) ACT 1993 | ||
| 650 | _aCROFTERS COMMISSION | ||
| 650 | _aCROFTING | ||
| 650 | _aSCOTTISH LAND COURT | ||
| 650 | _aSLC | ||
| 690 | _aLANDLORD AND TENANT-CASE LAW-AGRICULTURAL TENANCIES | ||
| 942 | _n0 | ||
| 948 | _c06/10/1997 | ||
| 999 |
_c51211 _d51211 |
||